Clarence House Limited v National Westminster Bank (Record no. 82226)
[ view plain ]
| 000 -LEADER | |
|---|---|
| fixed length control field | 01335cad a22001935a 4500 |
| 001 - CONTROL NUMBER | |
| control field | E149610 |
| 008 - FIXED-LENGTH DATA ELEMENTS--GENERAL INFORMATION | |
| fixed length control field | 100325e20091208xxk v 000 0 eng d |
| 035 ## - SYSTEM CONTROL NUMBER | |
| System control number | (Sirsi) u149610 |
| 041 0# - LANGUAGE CODE | |
| Language code of text/sound track or separate title | eng |
| 245 00 - TITLE STATEMENT | |
| Title | Clarence House Limited v National Westminster Bank |
| Medium | [electronic resource] |
| 260 ## - PUBLICATION, DISTRIBUTION, ETC. | |
| Date of publication, distribution, etc. | 2009 |
| 520 ## - SUMMARY, ETC. | |
| Summary, etc. | [2009] EWCA Civ 1311, 8 December 2009. Case concerns whether a tenant entering into a "Virtual Assignment" of a leasehold premises acts in breach of the standard-form alienation covenants contained in the lease. The previous judge ruled that it did but only because the tenant either parted with possession, was sharing or was permitting the sharing of possession of the premises. "Held": The previous judge was correct, and erred only in his conclusions that NatWest had either parted with possession or at least shared or permitted the sharing of the property. Supreme Court has refused permission to appeal against CA decision. |
| 590 ## - LOCAL NOTE (RLIN) | |
| Local note | KA |
| 650 24 - SUBJECT ADDED ENTRY--TOPICAL TERM | |
| Topical term or geographic name entry element | CLARENCE HOUSE LTD V NATIONAL WESTMINSTER BANK PLC |
| 651 #4 - SUBJECT ADDED ENTRY--GEOGRAPHIC NAME | |
| Geographic name | England and Wales |
| Chronological subdivision | 1543- |
| 690 ## - LOCAL SUBJECT ADDED ENTRY--TOPICAL TERM (OCLC, RLIN) | |
| Topical term or geographic name as entry element | PROPERTY-COMMERCIAL PROPERTY-LEASEHOLD COMMERCIAL PROPERTY-COMMERCIAL LANDLORD AND TENANT-COMMERCIAL LEASES |
| 856 40 - ELECTRONIC LOCATION AND ACCESS | |
| Uniform Resource Identifier | <a href="https://www.bailii.org/ew/cases/EWCA/Civ/2009/1311.html">https://www.bailii.org/ew/cases/EWCA/Civ/2009/1311.html</a> |
| Public note | View the judgement free of charge at www.bailii.org... |
| 942 ## - ADDED ENTRY ELEMENTS (KOHA) | |
| Suppress in OPAC | 0 |
| Withdrawn status | Lost status | Source of classification or shelving scheme | Damaged status | Not for loan | Home library | Current library | Shelving location | Date acquired | Total Checkouts | Full call number | Barcode | Date last seen | Copy number | Price effective from | Koha item type |
|---|---|---|---|---|---|---|---|---|---|---|---|---|---|---|---|
| Dewey Decimal Classification | Virtual | Virtual | Online | 25/03/2010 | ONLINE PUBLICATION | 149610-2001 | 06/08/2019 | 1 | 06/08/2019 | Law report |